Countries of Oceania by last two letters - Statistics

General Stats
  • This quiz has been taken 114 times
  • The average score is 8 of 14
Answers on the Map
Answers color-coded by a green-red scale on the quiz's map according to % correct below.
 
Answer Stats
Answer % Correct
Australia
95%
Federated States of Micronesia
95%
New Zealand
80%
Marshall Islands
68%
Solomon Islands
68%
Kiribati
66%
Palau
54%
Papua New Guinea
54%
Fiji
51%
Nauru
44%
Samoa
41%
Tuvalu
41%
Vanuatu
39%
Tonga
34%
No matching quizzes found
Score Distribution
Percent of People with Each Score
Percentile by Number Answered
Your Score History
You have not taken this quiz